Catálogo
 En Linea

Recopilación de textos legales relacionados con la separación territorial domínico-haitiana llevada al terreno en 1929. (Registro nro. 13235)

Detalles MARC
000 -CABECERA
campo de control de longitud fija 00561nam a2200145 a 4500
001 - NÚMERO DE CONTROL
campo de control 000013621
005 - FECHA Y HORA DE LA ÚLTIMA TRANSACCIÓN
campo de control 20200929163305.0
008 - DATOS DE LONGITUD FIJA--INFORMACIÓN GENERAL
campo de control de longitud fija 091126s2002 dr r 001 0 spa d
040 ## - FUENTE DE LA CATALOGACIÓN
Centro catalogador/agencia de origen DO-SdBNP
Lengua de catalogación spa
Centro/agencia transcriptor BNPHU
082 ## - NÚMERO DE LA CLASIFICACIÓN DECIMAL DEWEY
Número de clasificación xxxx
Número de documento/Ítem R426r
110 1# - ENTRADA PRINCIPAL--NOMBRE DE ENTIDAD CORPORATIVA
Nombre de entidad corporativa o nombre de jurisdicción como elemento de entrada República Dominicana
Unidad subordinada Secretaría de Estado de Relaciones Exteriores
9 (RLIN) 2256
245 10 - MENCIÓN DE TÍTULO
Título Recopilación de textos legales relacionados con la separación territorial domínico-haitiana llevada al terreno en 1929.
260 ## - PUBLICACIÓN, DISTRIBUCIÓN, ETC.
Lugar de publicación, distribución, etc. Santo Domingo :
Nombre del editor, distribuidor, etc. Escuela Diplomática y Consular,
Fecha de publicación, distribución, etc. 2002.
300 ## - DESCRIPCIÓN FÍSICA
Extensión 110 p. ;
Dimensiones 21 cm.
Existencias
Estado de retiro Estado de pérdida Restricciones de uso No para préstamo Código de colección Localización permanente Ubicación/localización actual Ubicación en estantería Fecha de adquisición Número de inventario Total de préstamos Signatura topográfica completa Código de barras Fecha visto por última vez Número de copia Precio válido a partir de Tipo de ítem Koha Nota pública
        Dominicana de Servicio General General Depósito 26.11.2009 LF1   xxxx R426r 13621-30 25.06.2020 e. 3 25.06.2020 Libro y Folleto Colección Dominicana de Servicio  
        Dominicana de Servicio General General Depósito 25.06.2015 LF1   xxxx R426r 13621-40 25.06.2020 e. 4 25.06.2020 Libro y Folleto Colección Dominicana de Servicio Perteneció a la biblioteca personal de Chiqui Vicioso / Fidelio Despradel.
        Dominicana de Servicio General General Depósito 13.06.2019 LF1   xxxx R426r 13621-50 25.06.2020 e. 5 25.06.2020 Libro y Folleto Colección Dominicana de Servicio Perteneció a la biblioteca personal de Lourdes Delgado.
      Excluido de préstamo Patrimonio Dominicano Patrimonio Dominicano Patrimonio Dominicano Depósito 26.11.2009 LF1   xxxx R426r 13621-10 25.06.2020   25.06.2020 Libro y Folleto Colección Patrimonio Dominicano  
      Excluido de préstamo Patrimonio Dominicano Patrimonio Dominicano Patrimonio Dominicano Depósito 26.11.2009 LF1   xxxx R426r 13621-20 25.06.2020 e. 2 25.06.2020 Libro y Folleto Colección Patrimonio Dominicano  

Con tecnología Koha